| 000 | 00554nam a2200169 4500 | ||
|---|---|---|---|
| 999 |
_c4672 _d4672 |
||
| 008 | 160919b xxu||||| |||| 00| 0 eng d | ||
| 022 | _a2094-8042 | ||
| 082 | _aDPer 370.105 M72 Jan-Dec 2012 v. 60-61 | ||
| 100 |
_914901 _aSangines, Leticia T |
||
| 243 | _aThe modern teacher | ||
| 245 |
_aBanghay-aralin sa EKAWP-IV/ _cLeticia T. Sangines. |
||
| 260 |
_aPhilippines: _bIn the Grade School, Inc., _c©2012. |
||
| 300 |
_apage 239; _c28 cm. |
||
| 500 | _aThe Modern Teacher. | ||
| 650 | 0 |
_914902 _aProgrammed instruction _xHealth |
|
| 942 |
_2ddc _cPER |
||